000 00294nam a22001337a 4500
008 170810b xxu||||| |||| 00| 0 eng d
020 _a9781861001054
041 _aeng
080 _a004
100 _a35
101 _aSHK
245 _aBEGINNING VISUAL BASIC 6
_cWRIGHT'S,P
942 _2udc
_cBK
999 _c23070
_d23070